Wildlife ecology, conservation, and management. (Registro nro. 9094)
[ vista simple ]
| 000 -CABECERA | |
|---|---|
| Campo de control | 02220nam a22003377a 4500 |
| 005 - FECHA Y HORA DE LA ULTIMA TRANSACCION | |
| Campo de control | 20150312020002.0 |
| 008 - ELEMENTOS DE LONGITUD FIJA—INFORMACION GENERAL | |
| Campo de control | 140506s2014 enk 001 0 eng |
| 020 ## - ISBN | |
| ISBN | 9781118291061 (cloth) |
| 020 ## - ISBN | |
| ISBN | 9781118291078 (pbk.) |
| 040 ## - FUENTE DE CATALOGACIÓN | |
| Agencia catalogadora original | DLC |
| Agencia transcriptora | DLC |
| Agencia Modificadora | CO-BoIAVH |
| 041 ## - IDIOMA | |
| Código de idioma para texto/pista de sonido o título separado | Inglés |
| 044 ## - PAÍS DE PUBLICACIÓN | |
| País de publicación | Estados Unidos |
| 082 00 - NUMERO DE CLASIFICACION DECIMAL DEWEY | |
| Número de clasificación | 639.9 |
| Número del ítem | F94w |
| 100 1# - ASIENTO PRINCIPAL--NOMBRE PERSONAL | |
| Nombre personal | Fryxell, John M., |
| Fechas asociadas con el nombre | 1954- |
| 245 10 - MENCION DE TITULO | |
| Título | Wildlife ecology, conservation, and management. |
| Mención de responsabilidad | John M. Fryxell, Anthony R.E. Sinclair and Graeme Caughley. |
| 250 ## - MENCION DE EDICION | |
| Mención de edición | Third edition / |
| 260 ## - PUBLICACION, DISTRIBUCION, ETC. (PIE DE IMPRENTA) | |
| Lugar de publicación, distribución, etc. | Reino Unido: |
| Nombre del editor, distribuidor, etc. | Wiley, |
| Fecha de publicación, distribución, etc. | 2014. |
| 300 ## - DESCRIPCION FISICA | |
| Extensión | 509 pages |
| Dimensiones | 25 cm. |
| 500 ## - NOTA GENERAL | |
| Nota general | Este libro va acompañado de un sitio web complementario www.wiley.com/go/Fryxell/Wildlife<br/>que incluye recursos adicionales, powerpoints de todas las cifras del libro para descargar, PDF´s de todas las tablas del libro para descargar |
| 504 ## - NOTA DE BIBLIOGRAFIA, ETC. | |
| Nota de bibliografía | Incluye referencias bibliográficas (pag. 435-4889, índice y glosario |
| 505 ## - NOTA DE CONTENIDO | |
| Nota de contenido | Part 1. Wildlife ecology<br/>Food and nutrition<br/>Home range and habitat use<br/>Dispersal, dispersion and distribution<br/>Population growth and regulation<br/>Competition and facilitation beteen species<br/>Predation<br/>Parasites and pathogens<br/>Consumer -resource dynamics<br/>The ecology of behavior<br/>Climate change and wildlife |
| 505 ## - NOTA DE CONTENIDO | |
| Nota de contenido | Part 2. Wildlife conservation and management<br/>Counting animals<br/>Age and stage structure<br/>Experimental management<br/>Model evaluation and adaptative management<br/>Population viability analysis<br/>Conservation in practice<br/>Wildlife harvesting<br/>Wildlife control<br/>Evolution and conservation genetics<br/>Habitat loss and metapopulation dynamics<br/>Ecosystem management and conservation |
| 650 #0 - ASIENTO SECUNDARIO DE MATERIA - TERMINO TEMATICO | |
| Término temático o nombre geográfico como elemento de entrada | Wildlife management. |
| 650 #0 - ASIENTO SECUNDARIO DE MATERIA - TERMINO TEMATICO | |
| Término temático o nombre geográfico como elemento de entrada | Wildlife conservation. |
| 650 #0 - ASIENTO SECUNDARIO DE MATERIA - TERMINO TEMATICO | |
| Término temático o nombre geográfico como elemento de entrada | Animal ecology. |
| 650 #0 - ASIENTO SECUNDARIO DE MATERIA - TERMINO TEMATICO | |
| Término temático o nombre geográfico como elemento de entrada | Manejo de la vida silvestre |
| 700 1# - ASIENTO SECUNDARIO - NOMBRE PERSONAL | |
| Nombre personal | Sinclair, A. R. E. |
| Forma más completa del nombre | (Anthony Ronald Entrican) |
| 700 1# - ASIENTO SECUNDARIO - NOMBRE PERSONAL | |
| Nombre personal | Caughley, Graeme. |
| 776 08 - ADDITIONAL PHYSICAL FORM ENTRY | |
| Display text | Online version: |
| Main entry heading | Fryxell, John M., 1954- |
| Title | Wildlife ecology, conservation, and management. |
| Edition | Third edition / John M. Fryxell, Anthony R.E. Sinclair, Graeme Caughley. |
| Place, publisher, and date of publication | Chichester, West Sussex : John Wiley & Sons, Inc. 2014 |
| International Standard Book Number | 9781118348192 |
| Record control number | (DLC) 2014018491 |
| 942 ## - ELEMENTOS ADICIONALES (KOHA) | |
| Sistema de clasificación | Dewey Decimal Classification |
| Tipo de ítem | Libro |
| Koha issues (borrowed), all copies | 1 |
| Withdrawn status | Lost status | Sistema de Clasificación | Damaged status | No para préstamo | Colección | Inventariado | Ubicación Permanente | Ubicación actual | Fecha de adquisición | Fuente de Valor | Valor | Total Checkouts | Número topográfico | Inventario / Código de Barras | Date last seen | Date checked out | Ejemplar | Price effective from | Forma de adquisición | Tipo de material |
|---|---|---|---|---|---|---|---|---|---|---|---|---|---|---|---|---|---|---|---|---|
| Dewey Decimal Classification | General | Inventariado 2017 | Bogotá | Bogotá | 11/03/2015 | Instituto | 39000.00 | 2 | LB-639.9 F94w | 038956 | 03/02/2020 | 25/01/2019 | Ej. 1 | 11/03/2015 | Libro |